| 000 | 00497nam a2200181Ia 4500 | ||
|---|---|---|---|
| 008 | 190430s9999 xx 000 0 und d | ||
| 100 | _aLazaro, Freddie | ||
| 245 | _a4.5 magnitude quake rocks North Luzon and Central Luzon/ | ||
| 245 | _cFreddie Lazaro | ||
| 260 | _bManila Bulletin | ||
| 260 | _c2016 | ||
| 300 | _aDecember 25 | ||
| 440 | _aManila Bulletin | ||
| 650 | _aCetral Luzon (Philippines) | ||
| 650 | _aearthquake | ||
| 650 | _aGeography | ||
| 650 | _aNorth Luzon (Philippines) | ||
| 999 |
_c361785 _d361785 |
||